000 00831nam a2200217Ia 4500
001 15267
005 20260324155016.0
008 260306t2012||||xx |||||||||||||| ||spa||
041 _aESP
082 _a531.11
_bP99
100 _aPytel, Andrew,
_eAUT
245 0 _aIngeniería mecánica :
_bdinámica
260 _c2012
300 _ax, 649 páginas :
_c27 cm.
650 _aGEN
654 _aCCN
856 _uhttps://itmsp.museknowledge.com/UCSP?url=https://www.ebooks7-24.com:443/?il=800&pg=1
_zVersión digital
856 _uhttps://0u213txeu-y-https-ebooks7--24-com.itmsp.museknowledge.com/biblioteca.aspx
_zVéase además: Base de datos Ebook7-24
856 _uhttps://0u21dtxfc-y-https-ebooks-editorialmacro-com.itmsp.museknowledge.com/library
_zVéase además: Base de datos Macro Digital
942 _cLIB
_dJUS
_fJUS
_2ddc
999 _c15267
_d15267